The effect of using fermented corn on growing pigs at royal university of agriculture, (ឥទ្ធិពលនៃការប្រើប្រាស់ល្បើងពោតជាចំណីផ្សំលើការលូតលាស់ជ្រូកសាច់ នៅសាកលវិទ្យាល័យភូមិន្ទកសិកម្ម) (Record no. 2085)
[ view plain ]
| 000 -LEADER | |
|---|---|
| fixed length control field | 00730nam a22001577a 4500 |
| 003 - CONTROL NUMBER IDENTIFIER | |
| control field | OSt |
| 005 - DATE AND TIME OF LATEST TRANSACTION | |
| control field | 20151006162403.0 |
| 008 - FIXED-LENGTH DATA ELEMENTS--GENERAL INFORMATION | |
| fixed length control field | 151006b xxu||||| |||| 00| 0 eng d |
| 040 ## - CATALOGING SOURCE | |
| Transcribing agency | RUA |
| 082 ## - DEWEY DECIMAL CLASSIFICATION NUMBER | |
| Classification number | AVM SOK 2006 B077 Or.1 |
| 100 ## - MAIN ENTRY--PERSONAL NAME | |
| 9 (RLIN) | 2212 |
| Personal name | SOK MUYTEANG |
| 245 ## - TITLE STATEMENT | |
| Title | The effect of using fermented corn on growing pigs at royal university of agriculture, (ឥទ្ធិពលនៃការប្រើប្រាស់ល្បើងពោតជាចំណីផ្សំលើការលូតលាស់ជ្រូកសាច់ នៅសាកលវិទ្យាល័យភូមិន្ទកសិកម្ម) |
| 260 ## - PUBLICATION, DISTRIBUTION, ETC. (IMPRINT) | |
| Place of publication, distribution, etc. | phnom penh |
| Name of publisher, distributor, etc. | rua |
| Date of publication, distribution, etc. | 2006 |
| 300 ## - PHYSICAL DESCRIPTION | |
| Extent | viii, 43p. |
| Other physical details | ill. |
| Dimensions | 29cm. |
| 942 ## - ADDED ENTRY ELEMENTS (KOHA) | |
| Source of classification or shelving scheme | |
| Koha item type | AVM |
| Price effective from | Date last seen | Permanent Location | Not for loan | Date acquired | Source of classification or shelving scheme | Koha item type | Lost status | Withdrawn status | Date last checked out | Total Checkouts | Shelving location | Damaged status | Barcode | Current Location | Full call number |
|---|---|---|---|---|---|---|---|---|---|---|---|---|---|---|---|
| 2015-10-06 | 2016-09-16 | Library Block B | 2015-10-06 | AVM | 2016-08-21 | 1 | B077 | RUA007856 | Library Block B | AVM SOK 2006 B077 Or.1 | |||||
| 2015-10-06 | 2015-10-06 | Library Block B | 2015-10-06 | AVM | B077 | RUA007661 | Library Block B | AVM SOK 2006 B077 Or.2 | |||||||
| 2015-10-06 | 2016-11-30 | Library Block B | 2015-10-06 | AVM | 2016-11-11 | 2 | B077 | RUA007890 | Library Block B | AVM SOK 2006 B077 Or.3 | |||||
| 2015-10-06 | 2016-08-08 | Library Block B | 2015-10-06 | AVM | 2016-07-04 | 1 | B077 | RUA007733 | Library Block B | AVM SOK 2006 B077 Or.4 | |||||
| 2015-10-06 | 2023-01-06 | Library Block B | 2015-10-06 | AVM | 2022-12-30 | 1 | B077 | RUA007746 | Library Block B | AVM SOK 2006 B077 Or.5 |